00757nam a2200229 i 450000100060000000300090000600500170001500700030003200800410003510000280007624500820010425000150018626000380020130000220023949000180026165000400027970000210031983000260034085200220036699900170038895201220040576585ES-MaACL20250829112155.0t|041004s1971 sp ||||1| spa d1 aGuiraud, Pierre.96089310aSintaxís del francés / cpor Pierre Guiraud ; [traducción de A. Artis]. a[1ª ed.]. aBarcelona : bOikos-Tau, c[1971] a126 p. ; c18 cm.1 a¿Qué sé? 4aLengua francesa-xSintaxis.91636231 aArtis, A.9234880 a¿Qué sé?9181382 aES-MaACLjC-42041 c76585d76585 00104070aATENEOMbATENEOMcDEPO2d2008-01-17eSCl0oC-42041p1080140r2023-02-23 00:00:00w2023-02-23yMONOGRAFIA